| 000 | 01235nam a22002657a 4500 | ||
|---|---|---|---|
| 005 | 20250820091501.0 | ||
| 008 | 231025b ||||| |||| 00| 0 eng d | ||
| 082 | _aDPer 155.205 J826 January-March 2020 v. 118 n. 1-3 | ||
| 100 |
_aDixon, John. _eauthor. _946640 |
||
| 245 |
_aParallel lives : _bintergroup contact, threat, and the segregation of everyday activity spaces / _cJohn Dixon, Colin Tredoux, Gemma Davies, Jonny Huck, Bree Hocking, Brendan Sturgeon, Duncan Whyatt, Neil Jarman, and Dominic Bryan. |
||
| 260 |
_aWashington ; _bAmerican Psychological Association , _cMarch 2020. |
||
| 300 |
_avolume 118, pages 457-480 : _billustration ; _c28 cm. |
||
| 500 | _aJournal of Personality and Social Psychology, v. 118, no. 3, pages 457-480, March 2020. | ||
| 650 |
_aSegregation. _949849 |
||
| 700 |
_aDixon, John. _eauthor. _946640 |
||
| 700 |
_aTredoux, Colin. _eauthor. _949850 |
||
| 700 |
_aDavies, Gemma. _eauthor. _949851 |
||
| 700 |
_aHuck, Jonny. _eauthor. _949852 |
||
| 700 |
_aHocking, Bree. _eauthor. _949853 |
||
| 700 |
_aSturgeon, Brendan. _eauthor. _949854 |
||
| 700 |
_aWhyatt, Duncan. _eauthor. _949855 |
||
| 700 |
_aJarman, Neil. _eauthor. _949856 |
||
| 700 |
_aBryan, Dominic. _eauthor. _949857 |
||
| 942 |
_2ddc _cPER |
||
| 999 |
_c18391 _d18391 |
||